| 000 | 00752nam a2200241 u 4500 | ||
|---|---|---|---|
| 005 | 20220916063609.0 | ||
| 008 | 141006s2011 mx r 000 0 spa d | ||
| 020 | _a9786074005455 | ||
| 035 | _aUPN01000200021 | ||
| 049 | _aI | ||
| 050 | 4 |
_aPZ74.3 _bB4.32 |
|
| 100 | 1 |
_aBellini, Eleonora, _d1952- _936616 |
|
| 245 | 1 | 0 |
_aCanción de cuna para una ovejita / _cEleonora Bellin ; il. Massimo Caccia ; tr. Sandra Sepúlveda. |
| 260 |
_aMéxico : _bOcéano, _c2011. |
||
| 300 |
_a[27] p. : _bprincipalmente il. col. |
||
| 440 | 0 | _aOcéano travesía | |
| 650 | 7 |
_aPoesía infantil _2 _91259 |
|
| 650 | 7 |
_aLibros ilustrados para niños _2 _921365 |
|
| 700 | 1 |
_aCaccia, Massimo, _eil. |
|
| 905 | _aInfantil | ||
| 999 |
_c172122 _d172122 |
||